|
|
|
|
| LEADER |
00000nam a22000007a 4500 |
| 005 |
20210515151657.0 |
| 007 |
cr|||| |||| |
| 008 |
210515s2017 co |||||s|||| 00||0 spa d |
| 020 |
|
|
|a 978-958-762-692-6
|
| 035 |
|
|
|a 33358
|
| 040 |
|
|
|a vLex
|
| 090 |
|
|
|c 11685
|d 11685
|
| 100 |
1 |
|
|a Cruz Herradn̤, Ana
|
| 245 |
1 |
0 |
|a Polt̕icas de marketing
|h [Recurso electrn̤ico] /
|c Ana Cruz Herradn̤
|
| 256 |
|
|
|a Servicio en ln̕ea
|
| 260 |
|
|
|a Bogot:̀
|b Ediciones de la U,
|c 2017
|
| 300 |
|
|
|a 1 recurso electrn̤ico
|
| 500 |
|
|
|a La obra pretende ser una ayuda para el profesor, as ̕como una referencia para los alumnos que podrǹ seguir los contenidos de manera didc̀tica y sencilla, aun cuando preparen el md̤ulo a distancia u online. Su facilidad de lectura, la claridad del lenguaje, as ̕como la simplicidad en la exposicin̤ de definiciones y contenidos, hacen de la obra un material accesible para cualquier persona que desee adentrarse o ampliar conocimientos en el r̀ea de marketing estratǧico, conociendo las herramientas ms̀ utilizadas en la actualidad para aumentar los beneficios de las empresas, as ̕como implementando la parte operativa a travš de un plan de marketing.
|
| 506 |
1 |
|
|a Disponible solo en los productos indicados
|d vLex Global
|d vLex Global (Academic Edition, excluding Law Schools)
|d vLex Global (U.S. Academic Edition, Law Schools)
|d vLex Global (U.S. Academic Edition, excluding Law Schools)
|d vLex Global (Academic Edition, Law Schools)
|
| 650 |
0 |
4 |
|a Marketing
|z Colombia
|
| 740 |
0 |
|
|a vLex Libros (Servicio en ln̕ea)
|
| 856 |
4 |
0 |
|u https://vlex.com/source/politicas-de-marketing-33358
|z Acceso restringido
|
| 942 |
|
|
|c BOOK
|
| 999 |
0 |
|
|a Marketing
|